Jaane Bhi Do Yaro (Record no. 19047)

MARC details
000 -LEADER
fixed length control field 01917ngm a2200421 4500
003 - CONTROL NUMBER IDENTIFIER
control field dpl
005 - DATE AND TIME OF LATEST TRANSACTION
control field 20081125102151.0
007 - PHYSICAL DESCRIPTION FIXED FIELD--GENERAL INFORMATION
fixed length control field DVD
008 - FIXED-LENGTH DATA ELEMENTS--GENERAL INFORMATION
fixed length control field ||||||sp199 xxu|||||c ||| 00| 0 ng d
010 ## - LIBRARY OF CONGRESS CONTROL NUMBER
LC control number DVD-001325-1327
024 ## - OTHER STANDARD IDENTIFIER
Standard number or code DHIF0662SR
Terms of availability 45.00
035 ## - SYSTEM CONTROL NUMBER
System control number DVD-001325-1327
040 ## - CATALOGING SOURCE
Original cataloging agency DPL
Transcribing agency DPL
082 ## - DEWEY DECIMAL CLASSIFICATION NUMBER
Classification number DVD / JAAN
245 ## - TITLE STATEMENT
Title Jaane Bhi Do Yaro
Statement of responsibility, etc N. F. D. C. FilmsPresents
Medium [videorecording] DVD/
246 ## - VARYING FORM OF TITLE
Title proper/short title .
260 ## - PUBLICATION, DISTRIBUTION, ETC. (IMPRINT)
Name of publisher, distributor, etc Moserbaer Entertainment
300 ## - PHYSICAL DESCRIPTION
Extent 1 videodisc DVD;
Other physical details sd., col. ;
Dimensions 4 3/4 in.
Type of unit DVD
440 ## - SERIES STATEMENT/ADDED ENTRY--TITLE
Title Moserbaer Home Entertainment
500 ## - GENERAL NOTE
General note Moserbaer India Ltd. has obtained the necessary licence/conssent from the owner of the copyright in the wroks for making this DVD Film.
500 ## - GENERAL NOTE
General note Winner of Filmfare Awarad- Best Comedian: Naseeruddin Shah
538 ## - SYSTEM DETAILS NOTE
System details note Dolby Digital 5.1 - Hindi Subtitles: English
538 ## - SYSTEM DETAILS NOTE
System details note This DVD can be played back on DVD Players, multimedia systems & PC with MPEG card interactive with version 2.0 players.
650 ## - SUBJECT ADDED ENTRY--TOPICAL TERM
Topical term or geographic name as entry element Motion Picture
700 ## - ADDED ENTRY--PERSONAL NAME
Personal name Shah, Kundan
700 ## - ADDED ENTRY--PERSONAL NAME
Personal name Bhatia, Vanraj
700 ## - ADDED ENTRY--PERSONAL NAME
Personal name Shah, Naseeruddin
700 ## - ADDED ENTRY--PERSONAL NAME
Personal name Baswani, Ravi
700 ## - ADDED ENTRY--PERSONAL NAME
Personal name Barve, Bhakti
700 ## - ADDED ENTRY--PERSONAL NAME
Personal name Shah, Satish
700 ## - ADDED ENTRY--PERSONAL NAME
Personal name Kapoor, Pankaj
700 ## - ADDED ENTRY--PERSONAL NAME
Personal name Gupta, Neena
942 ## - ADDED ENTRY ELEMENTS (KOHA)
Item type CD-ROMs, DVDs, VHS
Source of classification or shelving scheme Dewey Decimal Classification
Classification part DVD
Call number suffix JAAN
Holdings
Withdrawn status Lost status Source of classification or shelving scheme Damaged status Not for loan Home library Current library Date acquired Source of acquisition Cost, normal purchase price Total Checkouts Total Renewals Full call number Barcode Date last seen Date last borrowed Copy number Cost, replacement price Price effective from Koha item type
    Dewey Decimal Classification     Central Library Central Library 25/11/2008 Purchase 45.00 50 1 DVD JAAN DVD-001325 03/09/2016 21/07/2016 1 45.00 25/11/2008 CD-ROMs, DVDs, VHS
    Dewey Decimal Classification     Patel Nagar Patel Nagar 25/11/2008 Purchase 45.00 25 1 DVD JAAN DVD-001327 05/07/2014 06/05/2014 1 45.00 25/11/2008 CD-ROMs, DVDs, VHS
    Dewey Decimal Classification     Sarojini Nagar Sarojini Nagar 25/11/2008 Purchase 45.00 29 1 DVD JAAN DVD-001326 15/06/2015 05/06/2015 1 45.00 25/11/2008 CD-ROMs, DVDs, VHS

© Delhi Public Library
Hit Counter
free hit counter